Central Library OPAC University of Rajshahi

টোয়েন-জেমস-উলফ / (Record no. 41589)

MARC details
000 -LEADER
fixed length control field 01370nam a2200301 a 4500
001 - CONTROL NUMBER
control field 41589
003 - CONTROL NUMBER IDENTIFIER
rucl marc code BD-RjUL
005 - DATE AND TIME OF LATEST TRANSACTION
control field 20211209053422.0
008 - FIXED-LENGTH DATA ELEMENTS--GENERAL INFORMATION
fixed length control field 160602s1966 b ||||| |||| 00| 0 ben d
020 ## - INTERNATIONAL STANDARD BOOK NUMBER
Terms of availability : PRs. 2.00
035 ## - SYSTEM CONTROL NUMBER
System control number (BD-RjUL)41707
040 ## - CATALOGING SOURCE
Original cataloging agency BD-RjUL
Language of cataloging ben
Transcribing agency BD-RjUL
Modifying agency BD-RjUL
041 ## - LANGUAGE CODE
Language code of text/sound track or separate title ben
082 ## - DEWEY DECIMAL CLASSIFICATION NUMBER
Edition number 23
Classification number 818.40924
Author mark and year TWA 1966
245 00 - TITLE STATEMENT
Title টোয়েন-জেমস-উলফ /
Statement of responsibility, etc. অনুবাদ : বোরহান উদ্দীন খান জাহাঙ্গীর
250 ## - EDITION STATEMENT
Edition statement ১ম সং.
260 ## - PUBLICATION, DISTRIBUTION, ETC. (IMPRINT)
Place of publication, distribution, etc. ঢাকা :
Name of publisher, distributor, etc. সাইনিং বুক এজেন্সী,
Date of publication, distribution, etc. ১৯৬৬
300 ## - PHYSICAL DESCRIPTION
Pagination [৮], ১১৯ পৃ. ;
Size ২৩ সেমি.
490 ## - SERIES STATEMENT
Series statement ( মিনসোটা বিশ্ববিদ্যালয় গ্রন্থমালা সিরিজ )
600 ## - SUBJECT ADDED ENTRY--PERSONAL NAME
Personal name টোয়েন, মার্ক
Dates associated with a name ১৮৩৫-১৯১০
Personal name Twain, Mark,
Dates associated with a name 1835-1910.
Personal name জেমস, হেনরি
Dates associated with a name ১৮৪৩-১৯১৬
Personal name James, Henry,
Dates associated with a name 1843-1916.
Personal name উলফ, টমাস
Dates associated with a name ১৯০০-১৯৩৮
Personal name Wolfe, Thomas,
Dates associated with a name 1900-1938.
700 ## - ADDED ENTRY--PERSONAL NAME
Personal name জাহাঙ্গীর, বোরহান উদ্দীন খান, অনুবাদক
942 ## - ADDED ENTRY ELEMENTS (KOHA)
Source of classification or shelving scheme Dewey Decimal Classification
Koha item type Books
Holdings
Lost status Source of classification or shelving scheme Damaged status Not for loan Collection code Permanent Location Current Location Shelving location Date acquired Source of acquisition Total Checkouts Full call number Date last seen Copy number Koha item type
  Dewey Decimal Classification     Non-fiction Central Library, University of Rajshahi Central Library, University of Rajshahi   20/04/1967 U.S.S   B 818.40924 TWA 1966 02/06/2016 C-2 Books
  Dewey Decimal Classification     Non-fiction Central Library, University of Rajshahi Central Library, University of Rajshahi   20/04/1967 U.S.S   B 818.40924 TWA 1966 17/07/2016 C-3 Books